| 000 | 00424nam a2200145Ia 4500 | ||
|---|---|---|---|
| 008 | 231129s2007||||xx |||||||||||||| ||spa|| | ||
| 020 | _a978-958-8129-77-8 | ||
| 040 | _bspa | ||
| 082 | _a913.8657 G192e | ||
| 100 | _aGamboa Hinestrosa Pablo | ||
| 245 | 0 | _aEsculturas de San Agustin: Una de las siete maravillas de Colombia | |
| 260 | _c2007 | ||
| 264 | _aCarrera 7a. | ||
| 942 |
_2ddc _cBKS |
||
| 999 |
_c13398 _d13398 |
||